LEADER 01427nam a2200325 i 4500 001 000000150067 003 CaOOAMICUS 005 20060523000000.0 008 060523s2003 it u000 u ita u 013 $a127399 020 $a88-343-1055-1 040 $aSeMil$bita 100 1 $aSchlesinger, Piero.$0(OLS)http://semarc/name/59238 245 10$aLavoro, mercato, valori /$cPiero Schlesinger ... [et al.] ; a cura di Mario Napoli. 260 $aMilano :$bVita e Pensiero,$cCopyr. 2003. 300 $aXII, 95 p. ;$c22 cm. 490 0 $aV&P Università. Diritto. Ricerche 500 $aDono del Card. Dionigi Tettamanzi. 650 4$aLavoro - Diritto costituzionale.$0(OLS)http://semarc/subject/29350 650 4$aLavoro - Domanda e offerta - Italia.$0(OLS)http://semarc/subject/29351 650 4$aItalia - Politica del lavoro.$0(OLS)http://semarc/subject/29352 700 1 $aNapoli, Mario <1945-2014>.$0(OLS)http://semarc/name/46148 830 0$aUniversità. Diritto. Ricerche [V&P].$0(OLS)http://semarc/title/10086 850 $aSeMil 852 $aSeMil$W1$xVenegono$y1$m3L III 38$j102236$B102236$CSeMilBibl$Z2$F112054 $81 941 1 $a5 961 $aOmaggio: Tettamanzi Card. Dionigi 996 $6020$a88-343-1055-1$9(OLS)http://semarc/number/139434 996 $6245$aLavoro, mercato, valori$9(OLS)http://semarc/title/219417 996 $6260$aMilano :$bVita e Pensiero$9(OLS)http://semarc/publisher/29642 LEADER 01343nam a2200277 i 4500 001 000000337433 003 CaOOAMICUS 005 20191217182517.0 008 191023s2018 it u000 u ita u 013 $a236771 040 $aSeMil$bita 100 1 $aSgroi, Placido <1960-2018>.$0(OLS)http://semarc/name/91588 245 10$aVerso un ecumenismo narrativo :$bprospettive interdisciplinari fra psicologia del profondo, filosofia e teologia /$cPlacido Sgroi. 260 $aVenezia :$bISE "San Bernardino",$c2018. 300 $a197 p. ;$c21 cm. 490 0 $aQuaderni di Studi Ecumenici ;$v37 500 $aSupplemento al n. 1-2/2018 della rivista "Studi Ecumenici". 650 4$aNarrazione - Teologia.$0(OLS)http://semarc/subject/17821 650 4$aTeologia - Narrazione.$0(OLS)http://semarc/subject/48872 650 4$aEcumenismo.$0(OLS)http://semarc/subject/3071 830 0$aQuaderni di Studi Ecumenici ;$v37.$0(OLS)http://semarc/title/79 850 $aSeMil 852 $aSeMil$W1$xVenegono$y1$m107 1 137$j217852$B229977$CSeMilBibl$Z2$F229977 $85 996 $6245$aVerso un ecumenismo narrativo :$bprospettive interdisciplinari fra psicologia del profondo, filosofia e teologia$9(OLS)http://semarc/title/426433 996 $6260$aVenezia :$bISE "San Bernardino"$9(OLS)http://semarc/publisher/48530